00204nam a22000857a 4500082000800000100002600008245004100034260003500075300000800110 aMOH aMohammad Laiq Zardari aTahreek Pakistan main Sindh jo hiso  aMorobKazi Muhammad Qazic1984 a150